000 00420nam a22001697a 4500
003 MPLRDC
005 20220104125122.0
008 210129b ||||| |||| 00| 0 eng d
082 _a857.9 SMZY-38 v.1
100 _a司马紫烟
245 _a燕歌行. 一
_c
260 _a
_b毅力出版社
_c
300 _b
490 _a司马紫烟小说专辑. 12
650 _a武侠小说
942 _cBK
_o857.9 SMZY-38 v.1
999 _c24810
_d24800